[Event "Tabor op"]
[Site "Tabor"]
[Date "2012.07.30"]
[Round "3"]
[White "Skorepa, Tomas"]
[Black "Dolansky, Lukas"]
[Result "1-0"]
[WhiteElo "1679"]
[BlackElo "1470"]
[PlyCount "87"]
[EventDate "2012.07.29"]
[EventType "swiss"]
[EventRounds "9"]
[EventCountry "CZE"]
[SourceTitle "EXT 2013"]
[Source "ChessBase"]
[SourceDate "2012.11.22"]
[SourceVersion "1"]
[SourceVersionDate "2012.11.22"]
[SourceQuality "1"]

1. e4 e5 2. Nf3 Nc6 3. Bc4 Bc5 4. c3 Nf6 5. d4 exd4 6. e5 d5 7. Bb5 Ne4 8. cxd4 Bb4+ 9. Bd2 Nxd2 10. Nbxd2 Bg4 11. Bxc6+ bxc6 12. Qa4 Bxd2+ 13. Nxd2 Bd7 14. Qc2 0-0 15. 0-0 Qg5 16. f4 Qf5 17. Qc3 Rfe8 18. Nb3 Re6 19. Nc5 Rh6 20. Nxd7 Qxd7 21. Rac1 Qf5 22. Qf3 Rb8 23. Rf2 Rb4 24. Qa3 Rb6 25. Qxa7 Qc8 26. Qa3 Ra6 27. Qb3 Kh8 28. Rfc2 Rg6 29. a3 Kg8 30. Qf3 Kf8 31. b4 Qa8 32. Rc3 Qa7 33. Qe3 Qb7 34. Rc5 Re6 35. Qd3 h6 36. f5 Re8 37. Qc3 Qa7 38. a4 Re7 39. a5 Kg8 40. Qe3 Qb7 41. Qc3 Qa7 42. Qg3 Rd7 43. f6 g6 44. Qh3 1-0

[Event "Kouty nad Desnou op-B"]
[Site "Kouty nad Desnou"]
[Date "2012.03.14"]
[Round "6"]
[White "Skorepa, Tomas"]
[Black "Sroub, Jaroslav"]
[Result "1-0"]
[WhiteElo "1654"]
[BlackElo "1763"]
[PlyCount "106"]
[EventDate "2012.03.10"]
[EventType "swiss"]
[EventRounds "9"]
[EventCountry "CZE"]
[SourceTitle "EXT 2013"]
[Source "ChessBase"]
[SourceDate "2012.11.22"]
[SourceVersion "1"]
[SourceVersionDate "2012.11.22"]
[SourceQuality "1"]

1. e4 b6 2. d4 Bb7 3. Bd3 e6 4. Nf3 Nf6 5. Qe2 d5 6. e5 Ne4 7. Nbd2 Nxd2 8. Bxd2 c5 9. c3 c4 10. Bc2 Qd7 11. Ng5 h6 12. Qh5 Rg8 13. Nxf7 g6 14. Nd6+ Kd8 15. Bxg6 Kc7 16. Be8 Qg7 17. Qf7+ Be7 18. Qxg7 Rxg7 19. Nxb7 Kxb7 20. Bxh6 Rxg2 21. Bf7 Nc6 22. Be3 Nd8 23. Bh5 Nc6 24. Bf3 Rg7 25. Ke2 Rag8 26. h3 Bg5 27. Bxg5 Rxg5 28. Bg4 Nd8 29. f4 R5g6 30. Raf1 Nf7 31. Bh5 Rg2+ 32. Rf2 Nh6 33. Bf3 R2g7 34. Rhh2 Nf5 35. Rfg2 Ng3+ 36. Kf2 Kc7 37. h4 Nf5 38. Rxg7+ Rxg7 39. Rg2 Rh7 40. h5 Nh4 41. Rg5 Nxf3 42. Kxf3 Kd7 43. Kg4 Ke7 44. Rg6 a5 45. h6 b5 46. Rg7+ Rxg7+ 47. hxg7 Kf7 48. f5 Kxg7 49. fxe6 Kf8 50. e7+ Kxe7 51. Kf5 Kf7 52. e6+ Ke7 53. Ke5 b4 1-0

[Event "Kouty nad Desnou op-B"]
[Site "Kouty nad Desnou"]
[Date "2011.03.16"]
[Round "6"]
[White "Skorepa, Tomas"]
[Black "Hanl, Frantisek"]
[Result "1/2-1/2"]
[WhiteElo "1685"]
[BlackElo "1628"]
[PlyCount "87"]
[EventDate "2011.03.12"]
[EventType "swiss"]
[EventRounds "9"]
[EventCountry "CZE"]
[SourceTitle "EXT 2014"]
[Source "ChessBase"]
[SourceDate "2013.11.20"]
[SourceVersion "1"]
[SourceVersionDate "2013.11.20"]
[SourceQuality "1"]

1. e4 e6 2. d4 d5 3. Nc3 Bb4 4. e5 c5 5. Bd2 Bxc3 6. bxc3 c4 7. Bc1 Ne7 8. Ba3 Nbc6 9. Qd2 Bd7 10. f4 Qa5 11. Bb4 Qa4 12. Bxe7 Nxe7 13. a3 Qb5 14. Qc1 Nf5 15. Nf3 Qa5 16. Qb2 b6 17. Qb4 Qxb4 18. cxb4 f6 19. Kd2 a5 20. bxa5 Rxa5 21. Be2 Kf7 22. g4 Ne7 23. g5 Rha8 24. Rab1 b5 25. Rb2 Ng6 26. gxf6 gxf6 27. exf6 Kxf6 28. Ne5 Ke7 29. Nxd7 Kxd7 30. Rhb1 Kc6 31. Rf1 Rf8 32. Bh5 Rxf4 33. Rxf4 Nxf4 34. Be8+ Kd6 35. Rxb5 Rxb5 36. Bxb5 Ke7 37. Ke3 Nh5 38. Kf3 Nf6 39. Ke3 Ne4 40. Bxc4 Nc3 41. Bd3 h6 42. Kd2 Na4 43. c4 dxc4 44. Bxc4 1/2-1/2